[Event "Barcelona Primavera La Lira op 5th"]
[Site "Barcelona"]
[Date "2012.05.17"]
[Round "5"]
[White "Grammatico, Mauro"]
[Black "Cantan Bertoz, Jordi"]
[Result "0-1"]
[WhiteElo "1700"]
[BlackElo "1627"]
[PlyCount "90"]
[EventDate "2012.04.19"]
[EventType "swiss"]
[EventRounds "9"]
[EventCountry "ESP"]
[SourceTitle "CBM 148 Extra"]
[Source "ChessBase"]
[SourceDate "2012.06.22"]
[SourceVersion "1"]
[SourceVersionDate "2012.06.22"]
[SourceQuality "1"]

1. e4 e5 2. d4 d6 3. dxe5 dxe5 4. Qxd8+ Kxd8 5. Nf3 Bd6 6. Bc4 f6 7. 0-0 Ne7 8. Nc3 Nbc6 9. a3 Bg4 10. Be2 h5 11. Rd1 Kd7 12. Nb5 g5 13. c4 Kc8 14. Nxd6+ cxd6 15. Rxd6 Rf8 16. h3 Bd7 17. Ne1 g4 18. Bh6 Rf7 19. h4 Nd4 20. Bd1 Ne6 21. Bb3 Nc5 22. Ba2 Nxe4 23. Rdd1 Nf5 24. Bb1 Bc6 25. f3 gxf3 26. gxf3 Nxh6 27. Bxe4 Bxe4 28. fxe4 Rg7+ 29. Kf2 Kc7 30. Nf3 Ng4+ 31. Ke2 Rd8 32. Rg1 Rgd7 33. Rad1 Kc6 34. b4 Rxd1 35. Rxd1 Rxd1 36. Kxd1 Ne3+ 37. Kd2 Nxc4+ 38. Kc3 Nxa3 39. Nd2 Nb5+ 40. Kc4 Nd4 41. Nf1 Nf3 42. b5+ Kd6 43. Ng3 Nxh4 44. Nf5+ Nxf5 45. exf5 h4 0-1

[Event "Barcelona La Lira Spring op 1st"]
[Site "Barcelona"]
[Date "2008.04.03"]
[Round "1.1"]
[White "Ruiz Mata, Oscar"]
[Black "Cantan Bertoz, Jordi"]
[Result "1-0"]
[WhiteElo "2256"]
[BlackElo "1780"]
[PlyCount "39"]
[EventDate "2008.04.03"]
[EventType "swiss"]
[EventRounds "8"]
[EventCountry "ESP"]
[SourceTitle "EXT 2024"]
[Source "ChessBase"]
[SourceDate "2023.10.10"]
[SourceVersion "1"]
[SourceVersionDate "2023.10.10"]
[SourceQuality "1"]

1. d4 f5 2. Nc3 e6 3. e4 fxe4 4. Nxe4 d5 5. Ng5 Nf6 6. Bd3 g6 7. N1f3 Bg7 8. h4 Nc6 9. c3 Bd7 10. Qc2 Ne7 11. Ne5 0-0 12. h5 Nf5 13. hxg6 hxg6 14. Nxg6 Re8 15. Ne5 Ne4 16. Ngf7 Qf6 17. Bxe4 dxe4 18. Bg5 Ne3 19. fxe3 Qf5 20. g4 1-0